Subah of Allahabad under the great Mughals, 1580-1707 / (Record no. 22188)

MARC details
000 -LEADER
fixed length control field 01061cam a2200289 i 4500
001 - CONTROL NUMBER
control field 2214595
003 - CONTROL NUMBER IDENTIFIER
control field BDDh-ASL
005 - DATE AND TIME OF LATEST TRANSACTION
control field 20231015030110.0
008 - FIXED-LENGTH DATA ELEMENTS--GENERAL INFORMATION
fixed length control field 760723s1974 ii af b 001 0 eng
010 ## - LIBRARY OF CONGRESS CONTROL NUMBER
LC control number 74903761
020 ## - INTERNATIONAL STANDARD BOOK NUMBER
Terms of availability Rs30.00
040 ## - CATALOGING SOURCE
Original cataloging agency DLC
Transcribing agency DLC
Modifying agency DLC
-- BDDh-ASL
043 ## - GEOGRAPHIC AREA CODE
Geographic area code a-ii---
050 00 - LIBRARY OF CONGRESS CALL NUMBER
Classification number DS485.A27
Item number S56
082 00 - DEWEY DECIMAL CLASSIFICATION NUMBER
Classification number 954.2
Item number SIS
100 1# - MAIN ENTRY--PERSONAL NAME
Personal name Sinha, Surendra Nath,
Dates associated with a name 1936-
245 10 - TITLE STATEMENT
Title Subah of Allahabad under the great Mughals, 1580-1707 /
Statement of responsibility, etc. Surendra Nath Sinha.
260 ## - PUBLICATION, DISTRIBUTION, ETC.
Place of publication, distribution, etc. New Delhi :
Name of publisher, distributor, etc. Jamia Millia Islamia,
Date of publication, distribution, etc. 1974.
300 ## - PHYSICAL DESCRIPTION
Extent v, 238 p., [6] leaves of plates :
Other physical details ill. ;
Dimensions 22 cm.
500 ## - GENERAL NOTE
General note "Based on a thesis entitled "History of the Subah of Allahabad under the Mughals from 1526 to 1707," approved for the degree of doctor of philosophy by the Allahabad University in 1963."
500 ## - GENERAL NOTE
General note Includes index.
504 ## - BIBLIOGRAPHY, ETC. NOTE
Bibliography, etc. note Bibliography: p. [220]-228.
651 #0 - SUBJECT ADDED ENTRY--GEOGRAPHIC NAME
Geographic name Allahabad, India (District)
General subdivision History.
651 #0 - SUBJECT ADDED ENTRY--GEOGRAPHIC NAME
Geographic name Mogul Empire.
906 ## - LOCAL DATA ELEMENT F, LDF (RLIN)
a 7
b cbc
c orignew
d u
e ncip
f 19
g y-gencatlg
942 ## - ADDED ENTRY ELEMENTS (KOHA)
Source of classification or shelving scheme Dewey Decimal Classification
Koha item type Books
Holdings
Withdrawn status Lost status Source of classification or shelving scheme Damaged status Not for loan Collection code Home library Current library Shelving location Date acquired Source of acquisition Total Checkouts Full call number Barcode Date last seen Copy number Price effective from Koha item type Public note
    Dewey Decimal Classification     Non-fiction Asiatic Society Library Asiatic Society Library General Stacks 02/22/2021 ASB Library Collections   954.2 SIS 106359 02/22/2021 C-1 02/22/2021 Books RARE

Powered by Koha